Statistics for Fast Car - Lyrics

Click here to take the quiz!

General Stats

  • This quiz has been taken 1,374 times
  • The average score is 18 of 48

Answer Stats

HintAnswer% Correct
You got a ___ ___,fast car
99%
Starting from zero got _______ __ ____.nothing to lose.
82%
Any place __ ______,is better
79%
You've got _ ____ ___,a fast car
73%
Managed to save just a ______ ___ __ _____.little bit of money.
73%
Won't have to drive ___ ___,too far
72%
Maybe together we can ___ __________.get somewhere
70%
I want a ______ __ ________.ticket to anywhere
70%
I've got a plan to ___ __ ___ __ ____.get us out of here
69%
Maybe we'll make _________,something
63%
And finally see what it _____ __ __ _______.means to be living
62%
Maybe we can ____ _ ____,make a deal
61%
He says his body's too ___ ___ ________,old for working
60%
My mama went off ___ ____ ___,and left him
57%
You and I can ____ ___ ____,both get jobs
57%
He lives with the ______, that's the way it isbottle
57%
You see, my ___ ___'_ ___ a problemold mans got
55%
Been working at the ____________ _____,convenience store
51%
His body's too _____ __ ____ ____ his.young to look like
49%
Me, myself ___ _______ __ _____.got nothing to prove
41%
I said ________'_ ___ __ ____ ____ of him,somebodys got to take care
39%
We gotta make _ ________,a decision
38%
So remember when we were driving, _______ __ ____ ___,driving in your car
37%
Leave tonight or ____ __ ___ ____ ___.live and die this way
34%
Speeds so fast I ____ ____ _ ___ ______felt like i was drunk
33%
Now I work in the market as a _________ ____,checkout girl
28%
And your arm felt nice ________ ______ __ ________,wrapped around my shoulder
25%
Just 'cross the border ___ ____ ___ ____.into the city
24%
And I'll get ________.promoted
23%
You'll find ____work
23%
And I had the ______ ____ _ ______,feeling that I belong
22%
And I had the feeling _ _____ __ ________I could be someone
22%
You've got a fast car, But is it ____ _______ __ __ ___ ___ _____?fast enough so we can fly away
21%
You still ain't ___ _ ___got a job
20%
I ____ ______ and that's what I did.left school
18%
I know that _______ ____ ___ ______things will get better
15%
We'll move ___ __ ___ _______,out of the shelter
14%
____ ______ ___ out before us,City lights lay
13%
So take you're fast car and ____ __ _______.keep on driving
13%
I'd always hoped ___ ______,for better
12%
I got no plans I ain't _____ _______going nowhere
12%
Find a ______ _____ and live in the suburbsbigger house
10%
She wanted more from life ____ ____ __ _____ ____,than what he could give
10%
You've got a fast car, and I've got a job ____ ____ ___ ___ _____,that pays all our bills
9%
You got a fast car, we go ________ _________ __________,cruising entertain ourselves
8%
See more of your friends than ___ __ __ ____ ____.you do of your kids
5%
Thought maybe together ___ ___ __ ______ find it,you and me would
4%
You ____ ___ ________ ____ at the bar,stay out drinking late
3%

Score Distribution

Percentile by Number Answered

Percent of People with Each Score

Your Score History

You have not taken this quiz